000 00681nam a2200217 i 4500
001 bgj
100 1 _aCORTINA, Joe
245 1 0 _aComprehending college textbooks :
_bsteps to understanding and remembering what you read /
_cJoe Cortina, Janet Elder, Katherine Gonnet.
260 _aNew York [etc.] :
_bMcGraw-Hill Publ.,
_ccop. 1989.
300 _aXIV, 368 pp ;
_c24 cm.
650 9 _aReading |(Higher education)
650 9 _aReading comprehension
700 1 _aELDER, Janet
700 1 _aGONNET, Katherine
020 _a0070238324 (pbk)
040 _cBPK
041 _aeng
920 _a0-07-023832-4 (pbk)
942 _cKS
008 s uk f |000 0 eng
999 _c47344
_d47344
856 _uhttp://koha.tu.koszalin.pl/cgi-bin/koha/opac-detail.pl?biblionumber=47344
_yKatalog online BPK